MARC details
| 000 -LEADER |
| fixed length control field |
02553nam a2200421 a 4500 |
| 008 - FIXED-LENGTH DATA ELEMENTS--GENERAL INFORMATION |
| fixed length control field |
190529s2013 ||||||||||||||||| || u |
| 010 ## - LIBRARY OF CONGRESS CONTROL NUMBER |
| LC control number |
2013444222 |
| 020 ## - INTERNATIONAL STANDARD BOOK NUMBER |
| International Standard Book Number |
9780323077620 |
| 020 ## - INTERNATIONAL STANDARD BOOK NUMBER |
| International Standard Book Number |
0323100791 (hbk.) |
| 020 ## - INTERNATIONAL STANDARD BOOK NUMBER |
| International Standard Book Number |
0323077625 (expert consult) |
| 020 ## - INTERNATIONAL STANDARD BOOK NUMBER |
| International Standard Book Number |
9780323100793 (hbk.) |
| 050 ## - LIBRARY OF CONGRESS CALL NUMBER |
| Classification number |
SF 911 Fos |
| 100 ## - MAIN ENTRY--PERSONAL NAME |
| Personal name |
Huff, Theodore G |
| 245 10 - TITLE STATEMENT |
| Title |
Small animal surgery (4th edition) |
| Statement of responsibility, etc. |
by Theresa Welch Fossum. Laura Pardi Duprey, Theodore G. Huff, medical illustrators. |
| 250 ## - EDITION STATEMENT |
| Edition statement |
4th edition |
| 260 ## - PUBLICATION, DISTRIBUTION, ETC. |
| Place of publication, distribution, etc. |
St. Louis, Mo |
| Name of publisher, distributor, etc. |
Elsevier |
| Date of publication, distribution, etc. |
2013 |
| 260 ## - PUBLICATION, DISTRIBUTION, ETC. |
| Place of publication, distribution, etc. |
St. Louis, Mo |
| Name of publisher, distributor, etc. |
Elsevier Mosby |
| Date of publication, distribution, etc. |
2013 |
| 300 ## - PHYSICAL DESCRIPTION |
| Extent |
xx, 1619 pages : illustrated (chiefly col.) |
| 350 ## - |
| -- |
174.82 |
| 500 ## - GENERAL NOTE |
| General note |
Includes bibliographical references and index. |
| 650 #2 - SUBJECT ADDED ENTRY--TOPICAL TERM |
| Topical term or geographic name entry element |
ANIMALS, DOMESTIC--SURGERY |
| 650 #2 - SUBJECT ADDED ENTRY--TOPICAL TERM |
| Topical term or geographic name entry element |
SURGERY, VETERENARY |
| 650 #0 - SUBJECT ADDED ENTRY--TOPICAL TERM |
| Topical term or geographic name entry element |
VETERINARY SURGERY |
| 650 #0 - SUBJECT ADDED ENTRY--TOPICAL TERM |
| Topical term or geographic name entry element |
PET MEDICINE |
| 650 #0 - SUBJECT ADDED ENTRY--TOPICAL TERM |
| Topical term or geographic name entry element |
DOMESTIC ANIMALS--DISEASES |
| 650 #2 - SUBJECT ADDED ENTRY--TOPICAL TERM |
| Topical term or geographic name entry element |
ANIMAL DISEASES--SURGERY |
| 700 ## - ADDED ENTRY--PERSONAL NAME |
| Personal name |
Fossum, Theresa Welch |
| 700 ## - ADDED ENTRY--PERSONAL NAME |
| Personal name |
Duprey, Laura Pardi |
| 995 ## - |
| -- |
MICHAEL CHILUFYA SATA OPEN ACCESS |
| -- |
904754 |
| -- |
CBU-SCHOOL OF MEDICINE LIBRARY (Ndola) |
| -- |
174.82 |
| -- |
SF 911 Fos |
| -- |
11 |
| -- |
AVAILABLE |
| -- |
Feb 6, 2020 |
| -- |
904754 |
| -- |
Medical Library Open Access Collection |
| 995 ## - |
| -- |
MICHAEL CHILUFYA SATA OPEN ACCESS |
| -- |
904753 |
| -- |
CBU-SCHOOL OF MEDICINE LIBRARY (Ndola) |
| -- |
174.82 |
| -- |
SF 911 Fos |
| -- |
10 |
| -- |
AVAILABLE |
| -- |
Feb 6, 2020 |
| -- |
904753 |
| -- |
Medical Library Open Access Collection |
| 995 ## - |
| -- |
MAIN LIBRARY OPEN ACCESS |
| -- |
749145 |
| -- |
CBU-MAIN LIBRARY (Kitwe) |
| -- |
174.82 |
| -- |
SF 911 Fos |
| -- |
5 |
| -- |
AVAILABLE |
| -- |
Jun 11, 2019 |
| -- |
749145 |
| -- |
Main Library Open Access Collection |
| 995 ## - |
| -- |
MEDICAL LIBRARY OPEN ACCESS |
| -- |
904303 |
| -- |
CBU-SCHOOL OF MEDICINE LIBRARY (Ndola) |
| -- |
174.82 |
| -- |
SF 911 Fos |
| -- |
6 |
| -- |
AVAILABLE |
| -- |
Jun 24, 2019 |
| -- |
904303 |
| -- |
Medical Library Open Access Collection |
| 995 ## - |
| -- |
MAIN LIBRARY OPEN ACCESS |
| -- |
749144 |
| -- |
CBU-MAIN LIBRARY (Kitwe) |
| -- |
174.82 |
| -- |
SF 911 Fos |
| -- |
4 |
| -- |
AVAILABLE |
| -- |
Jun 11, 2019 |
| -- |
749144 |
| -- |
Main Library Open Access Collection |
| 995 ## - |
| -- |
MEDICAL LIBRARY OPEN ACCESS |
| -- |
904304 |
| -- |
CBU-SCHOOL OF MEDICINE LIBRARY (Ndola) |
| -- |
174.82 |
| -- |
SF 911 Fos |
| -- |
8 |
| -- |
AVAILABLE |
| -- |
Jun 24, 2019 |
| -- |
904304 |
| -- |
Medical Library Open Access Collection |
| 995 ## - |
| -- |
MEDICAL LIBRARY OPEN ACCESS |
| -- |
904302 |
| -- |
CBU-SCHOOL OF MEDICINE LIBRARY (Ndola) |
| -- |
174.82 |
| -- |
SF 911 Fos |
| -- |
7 |
| -- |
AVAILABLE |
| -- |
Jun 24, 2019 |
| -- |
904302 |
| -- |
Medical Library Open Access Collection |
| 995 ## - |
| -- |
MICHAEL CHILUFYA SATA OPEN ACCESS |
| -- |
904752 |
| -- |
CBU-SCHOOL OF MEDICINE LIBRARY (Ndola) |
| -- |
174.82 |
| -- |
SF 911 Fos |
| -- |
9 |
| -- |
AVAILABLE |
| -- |
Feb 6, 2020 |
| -- |
904752 |
| -- |
Medical Library Open Access Collection |
| 999 ## - |
| -- |
76537 |
| -- |
76537 |